Kliknij odpowiednie państwo A-Z - Statystyki

Ogólne statystyki
  • Ten quiz został rozwiązany 15 483 razy
    15 436 od ostatniego zresetowania
  • Średni wynik to 13 z 24
Odpowiedzi na mapie
Odpowiedzi zakodowano w zielono-czerwonej skali na mapie do tego quizu, zgodnie z poniższymi procentami.
 
Statystyki odpowiedzi
Odpowiedź % Poprawnych
E
81%
B
79%
N
78%
P
74%
D
72%
W
72%
G
68%
R
68%
L
61%
O
61%
Z
60%
H
57%
S
56%
A
51%
I
51%
Ł
51%
T
46%
F
44%
K
32%
J
31%
C
29%
M
29%
V
28%
U
24%
Nie znaleziono quizów pasujących do podanych kryteriów
Rozkład punktacji
Procent ludzi z każdym wynikiem
Percentyl według liczby udzielonych odpowiedzi
Twoja historia wyników
Nie rozwiązałeś tego quizu od ostatniego zresetowania